Musée de Tzarskoe-Selo ou Collection d'armes de sa majesté l'empereur de toutes les Russies (Запись № 7964879)

Подробности
000 -МАРКЕР
контрольное поле 00991nam0a22002531 4500
001 - ИДЕНТИФИКАТОР ЗАПИСИ
контрольное поле RU\NLR\INFOCOMM_190\5000025842
005 - ИДЕНТИФИКАТОР ВЕРСИИ
контрольное поле 20250613090743.0
035 ## - ДРУГИЕ СИСТЕМНЫЕ НОМЕРА
Идентификатор записи (NLR Aleph) 009078078
100 ## - ДАННЫЕ ОБЩЕЙ ОБРАБОТКИ
Данные общей обработки 20081112g18355353|||y0rusy50 ca
101 0# - ЯЗЫК РЕСУРСА
Язык текста, звукозаписи и т.д. французский
102 ## - СТРАНА ПУБЛИКАЦИИ ИЛИ ПРОИЗВОДСТВА
Страна публикации российская федерация
-- германия
105 ## - ПОЛЕ КОДИРОВАННЫХ ДАННЫХ: ТЕКСТОВЫЕ МАТЕРИАЛЫ, МОНОГРАФИЧЕСКИЕ
Кодированные данные о монографическом текстовом документе a ||||000|y
200 1# - ЗАГЛАВИЕ И СВЕДЕНИЯ ОБ ОТВЕТСТВЕННОСТИ
Основное заглавие Musée de Tzarskoe-Selo ou Collection d'armes de sa majesté l'empereur de toutes les Russies
Сведения, относящиеся к заглавию Vol. 1-3
Первые сведения об ответственности Ouvrage composé de 180 planches lithographiées par Asselineau, d'après les dessins originaux de A. Rockstuhl ...
Последующие сведения об ответственности Avec une introd. historique par Flor. Gille ...
210 ## - ПУБЛИКАЦИЯ, РАСПРОСТРАНЕНИЕ И ДР.
Место издания, распространения и т.д. St.-Petersbourg
-- Carlsruhe
Имя издателя, распространителя и т. д. Velten
Дата издания, распространения и т.д. 1835-53
215 ## - ФИЗИЧЕСКАЯ ХАРАКТЕРИСТИКА
Специфическое обозначение материала и объем 3 т. с изобр. на отд. л.
Другие сведения о физической характеристике изобр.
Размеры 51 см
700 #1 - ИМЯ ЛИЦА - ПЕРВИЧНАЯ ОТВЕТСТВЕННОСТЬ
Начальный элемент ввода Asselineau
Часть имени, кроме начального элемента ввода L. A.
Расширение инициалов личного имени Léon Auguste
Код отношения Автор
702 #1 - ИМЯ ЛИЦА - ВТОРИЧНАЯ ОТВЕТСТВЕННОСТЬ
Начальный элемент ввода Gille
Часть имени, кроме начального элемента ввода F.
Расширение инициалов личного имени Flor.
Код отношения Автор введения, предисловия, примечания и т.п.
702 #1 - ИМЯ ЛИЦА - ВТОРИЧНАЯ ОТВЕТСТВЕННОСТЬ
Начальный элемент ввода Rockstuhl
Часть имени, кроме начального элемента ввода A.
Код отношения Иллюстратор
801 #1 - ИСТОЧНИК ЗАПИСИ
Страна российская федерация
Организация NLR
Дата составления 20081112
801 #0 - ИСТОЧНИК ЗАПИСИ
Страна российская федерация
Организация NLR
Правила каталогизации PSBO
852 ## - МЕСТОНАХОЖДЕНИЕ И ШИФР ХРАНЕНИЯ
Идентификатор организации NLR
Шифр хранения (Call Number) Э АлИс610/4-4
942 ## - ДОПОЛНИТЕЛЬНЫЕ ЭЛЕМЕНТЫ ЗАПИСИ (АБИС)
Тип экземпляра АБИС Книга
980 ## - КОЛЛЕКЦИЯ
Название коллекции Национальная библиография
Экземпляры
Тип экземпляра Дата поступления Библиотека постоянного хранения Библиотека текущего хранения Место хранения Шифр хранения Штрих-код Статус не для выдачи
Книга 26.10.2013 РНБ (Московский) РНБ (Московский) Иностранный книжный фонд Э АлИс610/4-4 9078078-10